| 000 | 00928nam a22002297a 4500 | ||
|---|---|---|---|
| 999 |
_c14233 _d14233 |
||
| 003 | AR-CdUCM | ||
| 008 | 190422b ||||| |||| 00| 0 spa d | ||
| 040 |
_aMUNICIPALIDAD PROVINCIAL DEL CUSCO _cBIBLIOTECA MUNICIPAL DEL CUSCO |
||
| 082 |
_a335 / _bV49 |
||
| 100 |
_aVergopoulos, Kostas _932922 |
||
| 245 | _aEl capitalismo deforme y la nueva cuestion agraria. el ejemplo de Grecia moderna / | ||
| 260 |
_aCusco : _c1979. |
||
| 300 |
_a19 paginas ; _c21 cm. |
||
| 505 | _aContenido : La cuestión nacional y las ideologías del nacionalismo -- La cuestión de la feudalidad -- Mercantilismo en oriente -- La cuestión de la formación del sistema capitalista mundial. | ||
| 650 |
_aMercantilismo _932923 |
||
| 650 |
_aFeudalidad _96760 |
||
| 650 |
_aDerechos feudales _932924 |
||
| 650 |
_aUnidad política _932925 |
||
| 710 |
_aCentro las Casa (Traducción) _932926 |
||
| 942 |
_2ddc _cFOLLETOS |
||
| 945 |
_awnts _d2019-04-22 |
||